| 000 | 00599nam a22002177a 4500 | ||
|---|---|---|---|
| 003 | UA-OsUOA | ||
| 001 | 71695 | ||
| 007 | ta | ||
| 008 | 20101125b un ||||| |||| 00| 0 ukr d | ||
| 100 | _aМафтин Н. | ||
| 090 |
_a82 _bМ35 |
||
| 942 | _cSA | ||
| 040 |
_aUA-OsUOA _bukr _cUA-OsUOA _dUA-OsUOA |
||
| 245 | _aТипологія новелістичного мислення у прозі Юрія Яновського | ||
| 300 | _aС.3-11 | ||
| 955 | _a0 | ||
| 041 | _aukr | ||
| 080 | _a82 | ||
| 773 | 0 | _w71694 | |
| 650 | 7 |
_a82 Література. Літературознавство _2UDC |
|
| 999 |
_c358029 _d358029 |
||